000 00307nam a22001337a 4500
008 171020b xxu||||| |||| 00| 0 eng d
020 _a9780136070719
041 _aeng
080 _a338
100 _a54
101 _aMNG
245 _aENTERPRISE SYSTEMS FOR MANAGEMENT
_cMOTIWALLA, L.F
942 _2udc
_cBK
999 _c35181
_d35181